000 00289nam a22001337a 4500
008 170622b xxu||||| |||| 00| 0 eng d
020 _a9780813191362
041 _aeng
080 _a94
100 _a18
101 _aSHH
245 _aPROLOGUETO CONFLICT
_cHAMILTON.H
942 _2udc
_cBK
999 _c18616
_d18616